Bauhaus-Pädagogik
Gespeichert in:
| VerfasserIn: | |
|---|---|
| Dokumenttyp: | Buch |
| Sprache: | German |
| Veröffentlicht: |
Köln
: DuMont
, 1982
|
| Schriftenreihe: | DuMont-Dokumente
|
| Schlagwörter: | |
| Online Zugang: | Inhaltsverzeichnis Inhaltsverzeichnis |
| Bibliogr. Hinweis: | Rezensiert in:
[Rezension von: Rainer Wick, bauhaus-Pädagogik] |
| Verantwortlich: | Rainer Wick |
| LEADER | 07828cam a2201129 c 4500 | ||
|---|---|---|---|
| 001 | 023881380 | ||
| 003 | DE-627 | ||
| 005 | 20260609210545.0 | ||
| 007 | tu | ||
| 008 | 710101s1982 gw ||||| 00| ||ger c | ||
| 015 | |a 82,N09,0181 |2 dnb | ||
| 015 | |a 82,A21,0714 |2 dnb | ||
| 016 | 7 | |a 820267244 |2 DE-101 | |
| 020 | |a 3770112687 |9 3-7701-1268-7 | ||
| 035 | |a (DE-627)023881380 | ||
| 035 | |a (DE-603)054255317 | ||
| 035 | |a (DE-576)025139738 | ||
| 035 | |a (DE-599)GBV023881380 | ||
| 035 | |a (OCoLC)230308185 | ||
| 035 | |a (OCoLC)230308185 | ||
| 035 | |a (OCoLC)08535781 | ||
| 035 | |a (DE-604)8000668842 | ||
| 040 | |a DE-627 |b ger |c DE-627 |e rakwb | ||
| 041 | |a ger | ||
| 044 | |c XA-DE | ||
| 082 | 0 | |a 707/.114318 |q OCLC | |
| 082 | 0 | |a 707.114318 |2 DDC19oclc | |
| 084 | |a KU 53 |2 sfb | ||
| 084 | |a PÄ 415 (30) |2 sfb | ||
| 084 | |a PÄ 930 (30) |2 sfb | ||
| 084 | |a KU 157,6 |2 sfb | ||
| 084 | |a 46 |2 sdnb | ||
| 084 | |a 46 |a 45 |a 22 |2 sdnb | ||
| 084 | |a 9,10 |2 ssgn | ||
| 084 | |a LH 61310 |2 rvk |0 (DE-625)rvk/94226: | ||
| 084 | |a LH 61300 |2 rvk |0 (DE-625)rvk/94225: | ||
| 084 | |a LK 10350 |2 rvk |0 (DE-625)rvk/97500:13104 | ||
| 084 | |a LH 61200 |2 rvk |0 (DE-625)rvk/94218: | ||
| 084 | |a LH 67550 |2 rvk |0 (DE-625)rvk/94633: | ||
| 084 | |a LH 61220 |2 rvk |0 (DE-625)rvk/94220: | ||
| 084 | |a LH 65820 |2 rvk |0 (DE-625)rvk/94562:13104 | ||
| 084 | |a LH 65824 |2 rvk |0 (DE-625)rvk/94562:13108 | ||
| 084 | |a LH 67553 |2 rvk |0 (DE-625)rvk/94636: | ||
| 084 | |a 80.10 |2 bkl | ||
| 084 | |a 20.04 |2 bkl | ||
| 100 | 1 | |a Wick, Rainer K. |d 1944- |0 (DE-588)122545397 |0 (DE-627)082008353 |0 (DE-576)216378761 |4 aut | |
| 245 | 1 | 0 | |a Bauhaus-Pädagogik |c Rainer Wick |
| 264 | 1 | |a Köln |b DuMont |c 1982 | |
| 300 | |a 335 S. |b zahlr. Ill |c 21 cm | ||
| 336 | |a Text |b txt |2 rdacontent | ||
| 337 | |a ohne Hilfsmittel zu benutzen |b n |2 rdamedia | ||
| 338 | |a Band |b nc |2 rdacarrier | ||
| 490 | 0 | |a DuMont-Dokumente | |
| 500 | |a Literaturverz. S. 311 - 320 | ||
| 500 | |a Hier auch später erschienene, unveränderte Nachdrucke | ||
| 583 | 1 | |a Massenentsäuert |c 2016 |k DE-18 |2 pdager |5 DE-18-308 | |
| 583 | 1 | |a Archivierung/Langzeitarchivierung gewährleistet |f SSG |x XA-DE-BW |2 pdager |5 DE-16 | |
| 650 | 0 | 7 | |0 (DE-588)4130303-9 |0 (DE-627)104465611 |0 (DE-576)209617845 |a Bauhaus |2 gnd |
| 650 | 0 | 7 | |0 (DE-588)4006626-5 |0 (DE-627)106376896 |0 (DE-576)208866345 |a Bildnerisches Gestalten |2 gnd |
| 650 | 0 | 7 | |0 (DE-588)4033637-2 |0 (DE-627)106256440 |0 (DE-576)209002905 |a Kunsterziehung |2 gnd |
| 655 | 7 | |a Quelle |0 (DE-588)4135952-5 |0 (DE-627)105661236 |0 (DE-576)209665084 |2 gnd-content | |
| 689 | 0 | 0 | |d s |0 (DE-588)4130303-9 |0 (DE-627)104465611 |0 (DE-576)209617845 |a Bauhaus |2 gnd |
| 689 | 0 | 1 | |d s |0 (DE-588)4006626-5 |0 (DE-627)106376896 |0 (DE-576)208866345 |a Bildnerisches Gestalten |2 gnd |
| 689 | 0 | 2 | |d s |0 (DE-588)4033637-2 |0 (DE-627)106256440 |0 (DE-576)209002905 |a Kunsterziehung |2 gnd |
| 689 | 0 | |5 DE-101 | |
| 689 | 1 | 0 | |d s |0 (DE-588)4130303-9 |0 (DE-627)104465611 |0 (DE-576)209617845 |a Bauhaus |2 gnd |
| 689 | 1 | 1 | |d s |0 (DE-588)4006626-5 |0 (DE-627)106376896 |0 (DE-576)208866345 |a Bildnerisches Gestalten |2 gnd |
| 689 | 1 | 2 | |d s |0 (DE-588)4033637-2 |0 (DE-627)106256440 |0 (DE-576)209002905 |a Kunsterziehung |2 gnd |
| 689 | 1 | |5 (DE-627) | |
| 787 | 0 | 8 | |i Rezensiert in |a Mai, Ekkehard, 1946 - 2020 |t [Rezension von: Rainer Wick, bauhaus-Pädagogik] |d 1983 |w (DE-627)1856357023 |
| 856 | 4 | 2 | |u http://d-nb.info/820267244/04 |m B:DE-101 |q pdf/application |v 20161126003402 |x Verlag |3 Inhaltsverzeichnis |7 1 |
| 856 | 4 | 2 | |u http://scans.hebis.de/HEBCGI/show.pl?05425531_toc.pdf |m V:DE-605 |q application/pdf |3 Inhaltsverzeichnis |7 1 |
| 889 | |w (DE-627)422792764 | ||
| 889 | |w (DE-627)426757157 | ||
| 935 | |i Blocktest | ||
| 936 | r | v | |a LH 61310 |b Einzelne Hoch- und Fachschulen |k Kunstgeschichte |k Allgemeines. Allgemeine Kunstgeschichte |k Theorie und Praxis der Bildenden Kunst |k Praxis der Bildenden Kunst |k Einzelne Hoch- und Fachschulen |0 (DE-627)1270643762 |0 (DE-625)rvk/94226: |0 (DE-576)200643762 |
| 936 | r | v | |a LH 61300 |b Ausbildung zum Künstler (Theorie und Geschichte. Kunstakademien und Kunstgewerbeschulen. Lehrpläne, Studiengang etc. Abbildungswerke von Schülerarbeiten) |k Kunstgeschichte |k Allgemeines. Allgemeine Kunstgeschichte |k Theorie und Praxis der Bildenden Kunst |k Praxis der Bildenden Kunst |k Ausbildung zum Künstler (Theorie und Geschichte. Kunstakademien und Kunstgewerbeschulen. Lehrpläne, Studiengang etc. Abbildungswerke von Schülerarbeiten) |0 (DE-627)1270658492 |0 (DE-625)rvk/94225: |0 (DE-576)200658492 |
| 936 | r | v | |a LK 10350 |b allgemein |k Kunstgeschichte |k Kunst nach Ländern bzw. Kontinenten |k Deutschland |k Deutsche Kunstgeschichte einzelner Epochen |k Deutsche Kunstgeschichte der Neuzeit |k 19., 20. und 21. Jahrhundert |k 20. Jahrhundert |k allgemein |0 (DE-627)1270637029 |0 (DE-625)rvk/97500:13104 |0 (DE-576)200637029 |
| 936 | r | v | |a LH 61200 |b Theorie und Geschichte der Kunsterziehung, Curriculum-Forschung, Lehrpläne; Studium der Kunstpädagogik, Ausbildung zum Kunsterzieher; Berufsfragen |k Kunstgeschichte |k Allgemeines. Allgemeine Kunstgeschichte |k Theorie und Praxis der Bildenden Kunst |k Kunsterziehung, Kunstbetrachtung |k Theorie und Geschichte der Kunsterziehung, Curriculum-Forschung, Lehrpläne; Studium der Kunstpädagogik, Ausbildung zum Kunsterzieher; Berufsfragen |0 (DE-627)1270672037 |0 (DE-625)rvk/94218: |0 (DE-576)200672037 |
| 936 | r | v | |a LH 67550 |b 20. Jahrhundert allgemein |k Kunstgeschichte |k Allgemeines. Allgemeine Kunstgeschichte |k Kunstgeschichte einzelner Gattungen der Kunst |k Architektur |k Darstellungen einzelner Epochen |k Neuzeit |k 19. und 20. Jahrhundert |k 20. Jahrhundert |k 20. Jahrhundert allgemein |0 (DE-627)1270638238 |0 (DE-625)rvk/94633: |0 (DE-576)200638238 |
| 936 | r | v | |a LH 61220 |b Didaktik und Methodik des Kunstunterrichts (für verschiedene Schultypen; nur theoretische Unterweisung, kein künstlerisches Gestalten!) |k Kunstgeschichte |k Allgemeines. Allgemeine Kunstgeschichte |k Theorie und Praxis der Bildenden Kunst |k Kunsterziehung, Kunstbetrachtung |k Didaktik und Methodik des Kunstunterrichts (für verschiedene Schultypen; nur theoretische Unterweisung, kein künstlerisches Gestalten!) |0 (DE-627)1271071940 |0 (DE-625)rvk/94220: |0 (DE-576)201071940 |
| 936 | r | v | |a LH 65820 |b allgemein |k Kunstgeschichte |k Allgemeines. Allgemeine Kunstgeschichte |k Allgemeine Kunstgeschichte: Darstellungen |k Darstellungen einzelner Epochen |k Mittlere und neuere Kunstgeschichte |k Neuzeit |k 19. und 20. Jahrhundert |k 20. Jahrhundert |k allgemein |0 (DE-627)1270637002 |0 (DE-625)rvk/94562:13104 |0 (DE-576)200637002 |
| 936 | r | v | |a LH 65824 |b Futurismus; Konstruktivismus, de Stijl, Suprematismus, Konkrete Kunst |k Kunstgeschichte |k Allgemeines. Allgemeine Kunstgeschichte |k Allgemeine Kunstgeschichte: Darstellungen |k Darstellungen einzelner Epochen |k Mittlere und neuere Kunstgeschichte |k Neuzeit |k 19. und 20. Jahrhundert |k 20. Jahrhundert |k Futurismus; Konstruktivismus, de Stijl, Suprematismus, Konkrete Kunst |0 (DE-627)1270699164 |0 (DE-625)rvk/94562:13108 |0 (DE-576)200699164 |
| 936 | r | v | |a LH 67553 |b Kubismus, Futurismus, Neue Sachlichkeit, Bauhaus, De Stijl, Funktionalismus |k Kunstgeschichte |k Allgemeines. Allgemeine Kunstgeschichte |k Kunstgeschichte einzelner Gattungen der Kunst |k Architektur |k Darstellungen einzelner Epochen |k Neuzeit |k 19. und 20. Jahrhundert |k 20. Jahrhundert |k Kubismus, Futurismus, Neue Sachlichkeit, Bauhaus, De Stijl, Funktionalismus |0 (DE-627)1398972495 |0 (DE-625)rvk/94636: |0 (DE-576)328972495 |
| 936 | b | k | |a 80.10 |j Hauptrichtungen in der Pädagogik |0 (DE-627)106422618 |
| 936 | b | k | |a 20.04 |j Ausbildung |j Beruf |j Organisationen |x Kunstwissenschaften |0 (DE-627)106406299 |
| 936 | s | n | |a l300 |2 mzub |
| 936 | s | n | |a d100 |2 mzub |
| 951 | |a BO | ||
| 990 | |a Bauhaus | ||
| 990 | |a Bildnerisches Gestalten | ||
| 990 | |a Kunsterziehung | ||
| 990 | |a Bauhaus | ||
| 990 | |a Bildnerisches Gestalten | ||
| 990 | |a Kunsterziehung | ||
| 991 | |a Rezensiertes Werk | ||
| 999 | |a KXP-PPN023881380 |e 4374032762 | ||


